UBT Library

Organizing knowledge : (Record no. 38847)

000 -LEADER
fixed length control field 00791pam a2200241 a 4500
001 - CONTROL NUMBER
control field 3448424
005 - DATE AND TIME OF LATEST TRANSACTION
control field 20171211034950.0
008 - FIXED-LENGTH DATA ELEMENTS--GENERAL INFORMATION
fixed length control field 920210s1992 enk b 001 0 eng
010 ## - LIBRARY OF CONGRESS CONTROL NUMBER
LC control number 92005186
020 ## - INTERNATIONAL STANDARD BOOK NUMBER
International Standard Book Number 1857420047
020 ## - INTERNATIONAL STANDARD BOOK NUMBER
International Standard Book Number 1857420055 (pbk)
040 ## - CATALOGING SOURCE
Original cataloging agency DLC
Transcribing agency DLC
Modifying agency DLC
041 ## - LANGUAGE CODE
Language code of text/sound track or separate title eng
080 ## - UNIVERSAL DECIMAL CLASSIFICATION NUMBER
Universal Decimal Classification number LIB 025.524 ROW
082 00 - DEWEY DECIMAL CLASSIFICATION NUMBER
Classification number LIB 025.524 ROW
Edition number 20
100 1# - Rafti
Rafti 0
101 ## - Shkurtesa
Shkurtesa LIB
245 10 - TITLE STATEMENT
Title Organizing knowledge :
Statement of responsibility, etc Jennifer Rowley.
504 ## - BIBLIOGRAPHY, ETC. NOTE
Bibliography, etc Includes bibliographical references and index.
906 ## - LOCAL DATA ELEMENT F, LDF (RLIN)
a 7
b cbc
c orignew
d 1
e ocip
f 19
g y-gencatlg
942 ## - ADDED ENTRY ELEMENTS (KOHA)
Source of classification or shelving scheme
Item type Books
Holdings
Withdrawn status Lost status Source of classification or shelving scheme Damaged status Not for loan Collection code Permanent location Current location Shelving location Date acquired Total Checkouts Full call number Barcode Date last seen Price effective from Koha item type
          Koleksioni i përgjithshem UBT - Lipjan UBT - Lipjan Koleksioni i përgjithshem 12/08/2017   LIB 025.524 ROW 002-2939272 12/11/2017 12/08/2017 Books
UBT Library © 2015-2024. All rights reserved University Education for Business and Technology